000 01237nam a2200301 4500
001 69
003 OSt
005 20250528074010.0
008 250123b |||||||j |||| 00| 1 eng d
040 _bpor
041 _heng
_apor
082 _a813
_bB811f
100 1 _aBradley, Marion Zimmer,
_d1930-1999
_9169
240 _aNight´s daughter
245 _aA filha da noite /
_cBradley, Marion Zimmer ; Tradução de A. B. Pinheiro de Lemos
260 _aSão Paulo
_bCírculo do Livro
_c1985
300 _a202 p.
520 _aPor quase duzentos anos, as platéias de todo o mundo têm vibrado com a ópera A flauta mágica, de Mozart. O fascínio exercido pela maravilhosa história de Papagueno, o homem-pássaro, pela sinistra ameaça da Rainha da Noite e sua rivalidade com Sarastro, e sobretudo pelos amores e provações do Príncipe Tarmino e da Princesa Pamina no Reino da Sabedoria fez desta fábula uma das mais apreciadas no mundo da fantasia
650 0 _aLiteratura Americana
_984
650 0 _aDrama
_918
650 0 _aFantasia
_945
650 0 _aAventura
_947
650 0 _aAmor e Paixão
_925
655 0 _aRomance
_923
655 0 _aFicção
_922
700 _aMarcos Roma Santra
_eTradutor
_9174
942 _2ddc
_n0
_cBK
999 _c69
_d69